| 000 | 00547nam a22001697a 4500 | ||
|---|---|---|---|
| 003 | BD-DhUL | ||
| 005 | 20180724112207.0 | ||
| 008 | 180724s1905 ii ||||| |||| 00| 0 urd d | ||
| 040 |
_aBD-DhUL _cBD-DhUL |
||
| 082 |
_a891.433 _bAGS |
||
| 100 | 0 | _aآغا جحو صاحب | |
| 245 | 1 |
_aشمس النہار ترجمۂ خور شید نامہ بوستان خیال : _cآغا جحو صاحب _bجلد ۴ / |
|
| 260 |
_aلکھنؤ : _bنولکشور، _c۔۱۹۰۵ |
||
| 300 |
_aجلد ۴ ؛ _c۳۸ سم۔ |
||
| 650 | 4 | _aUrdu fiction | |
| 942 |
_2ddc _cBK |
||
| 999 |
_c242669 _d242669 |
||